| 000 | 00426nam a22001457a 4500 | ||
|---|---|---|---|
| 999 |
_c531489 _d531489 |
||
| 003 | NUST | ||
| 005 | 20191017160413.0 | ||
| 038 | _aNusrat Nadeem | ||
| 082 | _a004 JUN | ||
| 100 |
_a Nasir Muhammad Junaid _924267 |
||
| 245 |
_aMS/Thesis:Model Reduction of Large Scale Gas Distribution Networks _cMuhammad Junaid Nasir |
||
| 260 |
_aIslamabad _bRCMS NUST _c2018 |
||
| 700 | _4Dr. Mian Ilyas Ahmad(Supervisor) | ||
| 942 |
_2ddc _cTHE |
||